Nastává čas odvážných

Charakteristika lídra a manažéra. V čom sa líšia. Komunikácia s pracovníkmi. Štýl vedenia založený na počúvaní. Pracovná atmosféra tam, kde leadership využívajú. Manažer verzus lídr.

Salvato in:
Dettagli Bibliografici
Autore principale: Charouzdová, Yvona
Natura: Capitolo di libro
Lingua:ceco
Soggetti:
Tags: Aggiungi Tag
Nessun Tag, puoi essere il primo ad aggiungerne!!

MARC

LEADER 00000naa$a2200000$$$4500
001 0051449
005 20231019113449.8
041 0 |a cze 
044 |a CZ 
245 1 0 |a Nastává čas odvážných  |c Yvona Charouzdová 
520 |a Charakteristika lídra a manažéra. V čom sa líšia. Komunikácia s pracovníkmi. Štýl vedenia založený na počúvaní. Pracovná atmosféra tam, kde leadership využívajú. Manažer verzus lídr. 
610 2 0 |a manažment 
610 2 0 |a manažéri 
610 2 0 |a lídri 
610 2 0 |a riadenie 
610 2 0 |a vedenie ľudí 
610 2 0 |a vedenie podniku 
610 2 0 |a zamestnanci 
610 2 0 |a komunikácia 
610 2 0 |a vzťahy pracovné 
610 2 0 |a tímy pracovné 
100 1 |a Charouzdová, Yvona